000 00977nam a22002777a 4500
999 _c8418
_d8418
003 AR-CdUCM
008 190325b ||||| |||| 00| 0 eng d
040 _aMUNICIPALIDAD PROVINCIAL DEL CUSCO
_cBIBLIOTECA MUNICIPAL DEL CUSCO
041 _heng
082 _22 ed.
_a711 /
_bAY94
100 _aAymonio, C
_923621
245 _aOrígenes y desarrollo de la ciudad moderna /
260 _aBarcelona :
_bGustavo Gili,
_c1971.
300 _a329 páginas ;
_bilustraciones, diagramas, planos,
_c24 cm.
440 _aCiencia Urbanistica
_923622
505 _aContenido: Ciudades-jardín del mañana -- Una ciudad industrial -- Proyectos 1912-1961 -- Sosgorod.
650 _aCiudades sociales
_923623
650 _aDistribución de edificios
_923624
650 _aPropiedad ciudadana
_923625
700 _aHoward, E.
_923626
700 _aGarnier, T.
_923627
700 _aHilberseiner, J.
_923628
700 _aMiljutin, N. A.
_923629
942 _2ddc
_cLIBROS
945 _araen